ROZVOJ PODNIKÁNÍ VE VENKOVSKÝCH OBCÍCH V ČESKÉ REPUBLICE

Bibliographic Details
Main Authors: Brabencová, H. (Author), Piňosová, J. (Author)
Format: Article
Language:English
ISBN:8071374830

MARC

LEADER 00000naa a2200000uu 4500
001 vtls011095907
003 SK-MaSNL
005 20260302110939.0
008 210908|1998 xo |||||||||||||||||eng|
015 |a SNBRA 
035 |a (urnnbn)urn:nbn:sk:snk:ar-a0cuae 
035 |a (uuid)2df4468e-ed7a-4cbc-a0fc-623db7c0db04 
035 |a urn:nbn:sk:snk-aavzwc 
040 |a SNKBUCL  |b slo  |c SNKBUCL  |e AACR2 
041 0 |a eng 
044 |a xo  |c SK 
100 1 |a Brabencová, H.  |4 aut  |9 787694 
245 1 0 |a ROZVOJ PODNIKÁNÍ VE VENKOVSKÝCH OBCÍCH V ČESKÉ REPUBLICE  |c H. Brabencová, J. Piňosová 
246 3 |a DEVELOPMENT OF BUSINESS IN RURAL AREAS IN THE CZECH REPUBLIC 
700 1 |a Piňosová, J.  |4 aut  |9 787695 
773 0 |t Zborník vedeckých prác z "Medzinárodných vedeckých dní 98" : sekcie Regionálny rozvoj a cestovný ruch. Tvorba a ochrana životného prostredia  |d V Nitre : Slovenská poľnohospodárska univerzita, 1998  |g S. 95-100  |z 8071374830 
958 |a OND 
958 |a article12 
958 |a chapter 
999 |c 1245621  |d 1247551